О формулах М. Леви для обозначения структуры и минералогического состава горных пород

Detalles Bibliográficos
Autor principal: Поленов Б. К.
Sumario:Текст в русской дореформенной орфографии
Печатано по распоряжению Имп. Сиб. Общ. Естествоиспытателей
Lenguaje:ruso
Publicado: Санкт-Петербург, Типография А. Пороховщикова, [1896]
Materias:
Formato: Libro
KOHA link:https://koha.lib.tpu.ru/cgi-bin/koha/opac-detail.pl?biblionumber=358153

MARC

LEADER 00000nam0a2200000 4500
001 358153
005 20231102011050.0
035 |a (RuTPU)RU\TPU\retro\15421 
090 |a 358153 
100 |a 20200813d1896 m y0rusy50 ca 
101 0 |a rus 
102 |a RU 
105 |a y z 000zy 
200 1 |a О формулах М. Леви для обозначения структуры и минералогического состава горных пород  |f Б. К. Поленов 
210 |a Санкт-Петербург  |c Типография А. Пороховщикова  |d [1896] 
215 |a 6 с. 
300 |a Текст в русской дореформенной орфографии 
300 |a Печатано по распоряжению Имп. Сиб. Общ. Естествоиспытателей 
316 |5 63413507: 263//334  |a На с. 1 дарственная надпись: "А. В. Лаврскому от автора" 
317 |5 63413507: 263//334  |a Поступил в НТБ в 1945 г. в составе книжного собрания профессора ТПИ А. В. Лаврского 
606 1 |a Горные породы  |x Структура  |2 stltpush  |3 (RuTPU)RU\TPU\subj\8067  |9 35559 
606 1 |a Горные породы  |x Минералогический состав  |2 stltpush  |3 (RuTPU)RU\TPU\subj\38783  |9 59085 
610 1 |a обозначение 
610 1 |a формулы Леви 
610 1 |a изверженные горные породы 
610 1 |a породообразующие минералы 
610 1 |a Коллекция А. В. Лаврского 
610 1 |a дарственные надписи 
610 1 |a дары автора 
675 |a 552.122  |v 4 
675 |a 552.1  |v 4 
700 1 |a Поленов  |b Б. К. 
801 1 |a RU  |b 63413507  |c 20200813 
801 2 |a RU  |b 63413507  |c 20211123  |g RCR 
942 |c BK